| 000 | 00569nam a22001817a 4500 | ||
|---|---|---|---|
| 999 |
_c8909 _d8909 |
||
| 008 | 210304b ||||| |||| 00| 0 eng d | ||
| 040 | _aBMS College of Architecture | ||
| 100 | _aFrank, Lionel, Sshlon | ||
| 245 | _aChristian seminary and retreat centre | ||
| 300 | _a55p. | ||
| 500 | _a1BM10AT010 | ||
| 502 |
_8B.Arch _NBMS College of Architecture, Visvesvaraya Technological University (VTU) _aProject Report _d2014 |
||
| 650 | _aNA | ||
| 700 |
_aBhaghyalaxmi M _eGuide |
||
| 700 |
_aDakshayini R, Patil _eGuide |
||
| 700 |
_aShanthala V _eGuide |
||
| 942 |
_2ddc _cTHE |
||